[Event "GER CM05-A email"]
[Site "GER email"]
[Date "2018.06.19"]
[Round "?"]
[White "Mulligan, Barrie"]
[Black "Stushkin, Ivan Yakovlevich"]
[Result "1-0"]
[WhiteElo "2396"]
[BlackElo "2373"]
[PlyCount "49"]
[EventDate "2018.??.??"]
[EventType "tourn (corr)"]
[EventRounds "10"]
[EventCountry "GER"]
[SourceTitle "Corr 2020"]
[Source "ChessBase"]
[SourceDate "2019.09.30"]
[SourceVersion "1"]
[SourceVersionDate "2019.09.30"]
[SourceQuality "1"]

1. e4 e6 2. d4 d5 3. Nd2 Nf6 4. e5 Nfd7 5. c3 c5 6. Bd3 b6 7. Ne2 Ba6 8. Bxa6 Nxa6 9. 0-0 Be7 10. Nf4 0-0 11. Qg4 Kh8 12. Nf3 Nc7 13. Bd2 Rc8 14. a4 a5 15. h4 Qe8 16. Rfc1 Nb8 17. g3 Nc6 18. Kg2 Rg8 19. b3 Rf8 20. Rh1 Qd7 21. h5 Kg8 22. Be3 f5 23. exf6 Bxf6 24. Rae1 Rf7 25. Ng6 1-0

[Event "GER CM05-A email"]
[Site "GER email"]
[Date "2018.06.19"]
[Round "?"]
[White "Schmidt, Horst W"]
[Black "Stushkin, Ivan Yakovlevich"]
[Result "1/2-1/2"]
[WhiteElo "2362"]
[BlackElo "2373"]
[PlyCount "91"]
[EventDate "2018.??.??"]
[EventType "tourn (corr)"]
[EventRounds "10"]
[EventCountry "GER"]
[SourceTitle "Corr 2020"]
[Source "ChessBase"]
[SourceDate "2019.09.30"]
[SourceVersion "1"]
[SourceVersionDate "2019.09.30"]
[SourceQuality "1"]

1. d4 Nf6 2. c4 e6 3. Nf3 d5 4. g3 Bb4+ 5. Nbd2 dxc4 6. Bg2 b5 7. 0-0 0-0 8. a4 c6 9. Ne1 Nd5 10. e4 Nb6 11. e5 Bxd2 12. Qxd2 Nxa4 13. Nf3 Nb6 14. Ng5 f6 15. exf6 gxf6 16. Ne4 Nd5 17. Qe2 a5 18. Bh6 Rf7 19. Ra3 f5 20. Ng5 Rf6 21. Qh5 b4 22. Raa1 Qe7 23. Nh3 Qf7 24. Qh4 Nd7 25. Rfc1 N7b6 26. Bg5 Rg6 27. Bxd5 Nxd5 28. Nf4 Nxf4 29. Bxf4 e5 30. dxe5 a4 31. Qd8+ Qf8 32. Qd1 a3 33. bxa3 bxa3 34. Rc3 Be6 35. Ra2 Qd8 36. Qa1 Rb8 37. Rcxa3 c3 38. Rc2 Qd4 39. Be3 Qxe5 40. Ra8 Rxa8 41. Qxa8+ Kg7 42. Qxc6 f4 43. Qc5 Qxc5 44. Bxc5 Bh3 45. Rxc3 Re6 46. Bd4+ 1/2-1/2

[Event "GER CM05-A email"]
[Site "GER email"]
[Date "2018.06.19"]
[Round "?"]
[White "Stushkin, Ivan Yakovlevich"]
[Black "Bars, Joachim"]
[Result "1/2-1/2"]
[WhiteElo "2373"]
[BlackElo "2377"]
[PlyCount "74"]
[EventDate "2018.??.??"]
[EventType "tourn (corr)"]
[EventRounds "10"]
[EventCountry "GER"]
[SourceTitle "Corr 2020"]
[Source "ChessBase"]
[SourceDate "2019.09.30"]
[SourceVersion "1"]
[SourceVersionDate "2019.09.30"]
[SourceQuality "1"]

1. d4 Nf6 2. c4 e6 3. Nf3 d5 4. Nc3 c6 5. Bg5 h6 6. Bxf6 Qxf6 7. e3 Nd7 8. Bd3 dxc4 9. Bxc4 g6 10. 0-0 Bg7 11. e4 e5 12. d5 Nb6 13. Bb3 Bg4 14. Rc1 0-0 15. h3 Bxf3 16. Qxf3 Qxf3 17. gxf3 Rfc8 18. dxc6 bxc6 19. Na4 Bf8 20. Rc3 c5 21. Rfc1 Nxa4 22. Bxa4 Rab8 23. Bb3 Rd8 24. R1c2 Rd7 25. Bd5 Kg7 26. Kg2 a5 27. Ra3 Ra7 28. Rb3 Rxb3 29. Bxb3 Rb7 30. Bd5 Rb4 31. Bc4 Rb6 32. Kg3 h5 33. b3 Rd6 34. Bd5 Rf6 35. Kg2 Be7 36. Kg3 Kh6 37. Kg2 Kg7 1/2-1/2

[Event "GER CM05-A email"]
[Site "GER email"]
[Date "2018.06.19"]
[Round "?"]
[White "Stushkin, Ivan Yakovlevich"]
[Black "Loeffler, Werner"]
[Result "1/2-1/2"]
[WhiteElo "2373"]
[BlackElo "2363"]
[PlyCount "60"]
[EventDate "2018.??.??"]
[EventType "tourn (corr)"]
[EventRounds "10"]
[EventCountry "GER"]
[SourceTitle "Corr 2020"]
[Source "ChessBase"]
[SourceDate "2019.09.30"]
[SourceVersion "1"]
[SourceVersionDate "2019.09.30"]
[SourceQuality "1"]

1. d4 d5 2. c4 c6 3. Nc3 Nf6 4. cxd5 cxd5 5. Bf4 Nc6 6. e3 a6 7. Bd3 Bg4 8. Nge2 e6 9. Rc1 Bd6 10. f3 Bh5 11. 0-0 Bg6 12. Na4 0-0 13. Nc5 Bxc5 14. Rxc5 Nh5 15. Qd2 Bxd3 16. Qxd3 Rc8 17. Rfc1 Nxf4 18. Nxf4 Ne7 19. Qc3 Rxc5 20. Qxc5 Nf5 21. Qc3 g6 22. b3 Qf6 23. Qd2 Nd6 24. a4 Rb8 25. Qa5 h5 26. Ne2 Kg7 27. Qc7 Rd8 28. h3 h4 29. Rc5 Kf8 30. Nf4 Qe7 1/2-1/2

[Event "GER CM05-A email"]
[Site "GER email"]
[Date "2018.06.19"]
[Round "?"]
[White "Stushkin, Ivan Yakovlevich"]
[Black "Simal Moreira, Leonardo"]
[Result "1/2-1/2"]
[WhiteElo "2373"]
[BlackElo "2384"]
[PlyCount "110"]
[EventDate "2018.??.??"]
[EventType "tourn (corr)"]
[EventRounds "10"]
[EventCountry "GER"]
[SourceTitle "Corr 2020"]
[Source "ChessBase"]
[SourceDate "2019.09.30"]
[SourceVersion "1"]
[SourceVersionDate "2019.09.30"]
[SourceQuality "1"]

1. d4 Nf6 2. c4 e6 3. Nf3 d5 4. Nc3 c6 5. Bg5 h6 6. Bxf6 Qxf6 7. e3 Nd7 8. Bd3 dxc4 9. Bxc4 Bd6 10. 0-0 Qe7 11. Ne4 0-0 12. Nxd6 Qxd6 13. Qe2 b6 14. Rfd1 Rd8 15. Rac1 a5 16. Bd3 Bb7 17. Nd2 c5 18. Ne4 Qe7 19. dxc5 Ne5 20. Bb1 f5 21. Ng3 Rxd1+ 22. Qxd1 bxc5 23. Qd2 Qc7 24. Rd1 Bf3 25. Rc1 Rd8 26. Qc3 Bb7 27. b3 Qd6 28. Nf1 Qd5 29. f3 c4 30. e4 fxe4 31. Bxe4 Qc5+ 32. Qe3 Qxe3+ 33. Nxe3 Bxe4 34. fxe4 cxb3 35. axb3 Rd4 36. Rc5 Rxe4 37. Nc2 Nd3 38. Rxa5 Re2 39. Ra8+ Kh7 40. Rc8 Nf4 41. g3 Nh3+ 42. Kf1 Rxh2 43. Rc4 Ng5 44. b4 Rh1+ 45. Ke2 Rb1 46. Nd4 Ne4 47. Kd3 Nxg3 48. Nxe6 h5 49. Kc2 Re1 50. Nd4 Re8 51. b5 Ne4 52. b6 Rb8 53. Nf5 Nf6 54. Rc7 Ne8 55. Rc6 Nf6 1/2-1/2

[Event "GER CM05-A email"]
[Site "GER email"]
[Date "2018.06.19"]
[Round "?"]
[White "Volodarsky, Yury Aleksandrovic"]
[Black "Stushkin, Ivan Yakovlevich"]
[Result "1/2-1/2"]
[WhiteElo "2379"]
[BlackElo "2373"]
[PlyCount "97"]
[EventDate "2018.??.??"]
[EventType "tourn (corr)"]
[EventRounds "10"]
[EventCountry "GER"]
[SourceTitle "Corr 2020"]
[Source "ChessBase"]
[SourceDate "2019.09.30"]
[SourceVersion "1"]
[SourceVersionDate "2019.09.30"]
[SourceQuality "1"]

1. e4 e6 2. d4 d5 3. e5 c5 4. c3 Nc6 5. Nf3 Qb6 6. a3 c4 7. Nbd2 Na5 8. Be2 Bd7 9. Rb1 Ne7 10. b4 cxb3 11. Nxb3 Rc8 12. Nbd2 Qd8 13. Bb2 Rc7 14. a4 Nc8 15. 0-0 Be7 16. Bd3 Nb6 17. Ra1 0-0 18. Qc2 Kh8 19. Bxh7 g6 20. Bxg6 fxg6 21. Qxg6 Be8 22. Qh6+ Kg8 23. Ba3 Bxa3 24. Ng5 Qe7 25. Rxa3 Nbc4 26. Nxc4 Nxc4 27. Ra2 Rc6 28. f4 Ne3 29. Rf3 Rxc3 30. Qxe6+ Qxe6 31. Nxe6 Bh5 32. Rg3+ Kf7 33. Nxf8 Rc1+ 34. Kf2 Nd1+ 35. Ke1 Nc3+ 36. Kd2 Nxa2 37. Rg5 Rd1+ 38. Ke3 Nb4 39. Rxh5 Rd3+ 40. Kf2 Kxf8 41. Rh8+ Kf7 42. Rh7+ Ke6 43. g4 Rxd4 44. Rh6+ Ke7 45. Kg3 Re4 46. g5 d4 47. Rh7+ Ke6 48. Rh6+ Ke7 49. Rh7+ 1/2-1/2